00000000nam##2200000za#4500
0019.643333
003CaOODSP
00520210624224123
007cr |||||||||||
008150407|1990||||xxc|||||o    f|0| 0 fre|d
040 |aCaOODSP|bfre
043 |an-cn---
0861 |aA15-1843/1990F-PDF
1101 |aCanada.|bAgriculture Canada. |bDirection générale de recherche.
24510|aManutention de produits agricoles. Appareils de trituration et de mélange / |h[ressource électronique]|cpar Normand Rousseau (rédaction-édition), Rhonda Birenbaum (contrat) et L. Heslop (conseiller scientifique, recherches à contrat).
260 |aOttawa - Ontario : |bAgriculture Canada. |c1990.
300 |a52p.|bfigures, graphiques, tableaux
500 |aPublication historique numérisée par Agriculture et Agroalimentaire Canada. -- «Publié antérieurement sous le titre : Canadian Agricultural Materials Handling Manual 3.2. Size Réduction and Mixing Agriculture Canada, publ. 5002.»--p. 4 de 52. -- «Le volume Appareils de trituration et de mélange a été préparé par la société UMA Engineering Ltd., de Winnipeg (Man.), pour le Comité canadien du génie rural, Comité de coordination des services agricoles du Canada.»--p. 7 de 52.
504 |aBibliographie.
590 |a14-11-Supp|b2014-05-21
69107|aTechnologie agricole|2gcpds
77508|tHandling agricultural materials. Size reduction and mixing / |w(CaOODSP)9.699343
85640|ahttp://publications.gc.ca|qPDF|s3.3 Mo|uhttps://publications.gc.ca/collections/collection_2014/aac-aafc/agrhist/A15-1843-1990-fra.pdf
986 |a1843